| 000 | 00993nam a22002537a 4500 | ||
|---|---|---|---|
| 003 | UA-OsUOA | ||
| 001 | 125017 | ||
| 007 | ta | ||
| 008 | 20170901b un ||||| |||| 00| 0 ukr d | ||
| 100 | _aОляндэр Л. | ||
| 090 |
_a82.09 _bО-56 |
||
| 942 | _cBK | ||
| 040 |
_aUA-OsUOA _brus _cUA-OsUOA _dUA-OsUOA |
||
| 245 |
_aМаксим Горький: текст и гипертекст _bмонография |
||
| 300 | _a164 с. | ||
| 955 | _a1 | ||
| 041 | _arus | ||
| 080 | _a82.09 | ||
| 020 | _a966-361-060-3 | ||
| 520 | 3 | _aСодержание1. Художественно-философские воззрения Максима Горького2. Особенности горьковского хронотопа3. Максим Горький и литературный процесс | |
| 260 |
_aЛуцк _bВолынская областная типография _c2005 |
||
| 650 | 7 |
_a82 Література. Літературознавство _2UDC |
|
| 999 |
_c412178 _d412178 |
||